| 000 | 00617nam a2200217 i 4500 | ||
|---|---|---|---|
| 001 | 17551 | ||
| 003 | ES-MaACL | ||
| 005 | 20240502063035.0 | ||
| 007 | t| | ||
| 008 | 010403s1997 sp ||||1| spa d | ||
| 020 | _a84-7490-394-7 | ||
| 080 | _a821.111-23"19" | ||
| 100 | 1 |
_aEliot, T. S., _d1888-1965 _946996 |
|
| 245 | 1 | 0 |
_aAsesinato en la catedral / _cT. S. Eliot. |
| 260 |
_aMadrid : _bEncuentro, _c[1997] |
||
| 300 |
_a93 p. ; _c21 cm. |
||
| 490 | 1 |
_aCreación literaria ; _v28 |
|
| 830 | 0 |
_aCreación literaria ; _v28 _9178462 |
|
| 852 |
_aES-MaACL _jL-24459 _bR.129778 |
||
| 999 |
_c17551 _d17551 |
||